• 首页
  • 本馆介绍
  • 公告通知
  • 最新文献
  • 馆藏检索
  • 电子资源
  • 读者导购
  • 参考咨询
  • 我的图书馆
  • 登录
  • 详细信息显示
  • 放入我的书架
  • 预约/预借图书
  • 作者相关作品
  • 分类相关作品
  • 丛书相关作品
  • 出版社相关作品

书目信息

  • 表格格式
  • 工作单格式
  • 卡片格式
题名:
三级跳远训练法
    
 
作者: 马元康 , 王宝林 编著
分册:  
出版信息: 北京   人民体育出版社  1981
页数: 180页
开本: 19cm
丛书名:
单 册:
中图分类: G823.4
科图分类:
主题词: 三级跳远-运动训练法 , 田径运动 , 运动训练法-三级跳远
电子资源:
ISBN:
000 00755nam0 2200265 45
001 0181009092
005 20060724150809.20
010    @dCNY0.47
091    @a7015.1960
100    @a19950226d1981 em y0chiy0121 ea
101 0  @achi
102    @aCN@b110000
105    @aa z 000yy
200 10 @a三级跳远训练法@Asan ji tiao yuan xun lian fa@f王宝林,马元康编著
210    @a北京@c人民体育出版社@d1981
215    @a180页@c插图@d19cm
606    @a三级跳远-运动训练法
606 0  @a田径运动
606    @a运动训练法-三级跳远
690    @aG823.4
701  0 @a马元康@Ama yuan kang@4编著
701  0 @a王宝林@Awang bao lin@4编著
801  2 @aCN@bNLC@c20060724
801  0 @aCN@b上海图书馆@c20040505
905    @f1@b211727@f1@b54093@f1@b54095@dG823.4@e18
    
    三级跳远训练法/王宝林,马元康编著.-北京:人民体育出版社,1981
    180页:插图;19cm
    
    
    ISBN :CNY0.47
    
●
相关链接 在E读中查询图书 在五车中查询图书 在当当中查询图书 在豆瓣中查询图书


正题名:三级跳远训练法     索取号:G823.4/18         预约/预借

序号 登录号 条形码 馆藏地/架位号 状态 备注
1 0054093   000996480   密集书库/ [索取号:G823.4/18] 在馆    
2 0054095   000996417   第一样本阅览室/ [索取号:G823.4/18] 在馆    
3 0211727   000996471   密集书库/ [索取号:G823.4/18] 在馆    
4 0425785   204257856   密集书库/ [索取号:G823.4/18] 在馆    
唐山师范学院图书馆 欢迎您!
大连网信软件有限公司© 版权所有